Fostering Water Resilience in Brazil.

Brazil made significant progress in managing water resources since the adoption of the National Water Law in 1997 and the creation of the National Water and Sanitation Agency (ANA) in 2000. Nevertheless, water security challenges persist and will be aggravated by megatrends such as climate change, p...

Full description

Bibliographic Details
Main Author: OECD.
Format: eBook
Language:English
Published: Paris : Organization for Economic Cooperation & Development, 2022.
Edition:1st ed.
Subjects:
Online Access:Click to View
LEADER 01865nam a22003613i 4500
001 EBC29441822
003 MiAaPQ
005 20231204023229.0
006 m o d |
007 cr cnu||||||||
008 231204s2022 xx o ||||0 eng d
020 |a 9789264543751  |q (electronic bk.) 
020 |z 9789264544949 
035 |a (MiAaPQ)EBC29441822 
035 |a (Au-PeEL)EBL29441822 
035 |a (OCoLC)1342500005 
040 |a MiAaPQ  |b eng  |e rda  |e pn  |c MiAaPQ  |d MiAaPQ 
100 1 |a OECD. 
245 1 0 |a Fostering Water Resilience in Brazil. 
250 |a 1st ed. 
264 1 |a Paris :  |b Organization for Economic Cooperation & Development,  |c 2022. 
264 4 |c Ã2022. 
300 |a 1 online resource (115 pages) 
336 |a text  |b txt  |2 rdacontent 
337 |a computer  |b c  |2 rdamedia 
338 |a online resource  |b cr  |2 rdacarrier 
520 |a Brazil made significant progress in managing water resources since the adoption of the National Water Law in 1997 and the creation of the National Water and Sanitation Agency (ANA) in 2000. Nevertheless, water security challenges persist and will be aggravated by megatrends such as climate change, population growth, urbanisation, and the economic, social and environmental consequences of the COVID-19 pandemic. 
588 |a Description based on publisher supplied metadata and other sources. 
590 |a Electronic reproduction. Ann Arbor, Michigan : ProQuest Ebook Central, 2023. Available via World Wide Web. Access may be limited to ProQuest Ebook Central affiliated libraries.  
655 4 |a Electronic books. 
776 0 8 |i Print version:  |a OECD  |t Fostering Water Resilience in Brazil  |d Paris : Organization for Economic Cooperation & Development,c2022  |z 9789264544949 
797 2 |a ProQuest (Firm) 
856 4 0 |u https://ebookcentral.proquest.com/lib/matrademy/detail.action?docID=29441822  |z Click to View